<?xml version="1.0" encoding="UTF-8"?>
<collection xmlns="http://www.loc.gov/MARC21/slim">
<record>
  <controlfield tag="001">130908</controlfield>
  <controlfield tag="005">20240201151019.0</controlfield>
  <datafield tag="024" ind1="7" ind2=" ">
    <subfield code="2">doi</subfield>
    <subfield code="a">10.1016/j.ifset.2011.07.008</subfield>
  </datafield>
  <datafield tag="024" ind1="8" ind2=" ">
    <subfield code="2">sideral</subfield>
    <subfield code="a">74637</subfield>
  </datafield>
  <datafield tag="037" ind1=" " ind2=" ">
    <subfield code="a">ART-2011-74637</subfield>
  </datafield>
  <datafield tag="041" ind1=" " ind2=" ">
    <subfield code="a">eng</subfield>
  </datafield>
  <datafield tag="100" ind1=" " ind2=" ">
    <subfield code="a">Gayán,E.</subfield>
    <subfield code="u">Universidad de Zaragoza</subfield>
    <subfield code="0">(orcid)0000-0002-5895-2157</subfield>
  </datafield>
  <datafield tag="245" ind1=" " ind2=" ">
    <subfield code="a">UV-C inactivation of Escherichia coli at different temperatures</subfield>
  </datafield>
  <datafield tag="260" ind1=" " ind2=" ">
    <subfield code="c">2011</subfield>
  </datafield>
  <datafield tag="520" ind1="3" ind2=" ">
    <subfield code="a">The influence of treatment parameters (dose and temperature), treatment medium characteristics (absorption coefficient, pH and water activity) and microbiological factors (strain, growth phase and UV damage and repair capacity) on Escherichia coli UV-C resistance has been investigated. UV-C doses to inactivate at 25 °C 99.99% of the initial population (4D) of five strains of E. coli in McIlvaine buffer of pH 7.0 with tartrazine added (absorption coefficient of 10.77 cm−1) were 16.60, 14.36, 14.36, 13.22, 11.18 J/mL for strains E. coli STCC 4201, STCC 471, STCC 27325, O157:H7 and ATCC 25922, respectively. The entrance in the stationary growth phase increased the 4D value of the most resistant strain, E. coli STCC 4201, from 13.09 to 17.23 J/mL. Survivors to UV treatments showed neither oxidative damages nor injuries in cell envelopes. On the contrary, the photoreactivation by the incubation of plates for 60 min below visible light (11.15 klx) increased the dose to 18.97 J/mL. The pH and the water activity of the treatment medium did not affect the UV tolerance of E. coli STCC 4201, but the lethal effect of the treatments decreased exponentially (Log10 4D = − 0.0628α + 0.624) by increasing the absorption coefficient (α). A treatment of 16.94 J/mL reached 6.35, 4.35, 2.64, 1.93, 1.63, 1.20, 1.02 and 0.74 Log10 cycles of inactivation with absorption coefficients of 8.56, 10.77, 12.88, 14.80, 17.12, 18.51, 20.81 and 22.28 cm−1. The temperature barely changed the UV resistance up to 50.0 °C. Above this threshold, inactivation rates due to the combined process synergistically increased with the temperature. The magnitude of the synergism decreased over 57.5 °C. An UV treatment of 16.94 J/mL in media with an absorption coefficient of 22.28 cm−1 reached 1.23, 1.64, 2.36, 4.01 and 6.22 Log10 cycles of inactivation of E. coli STCC 4201 at 50.0, 52.5, 55.5, 57.5 and 60.0 °C, respectively.</subfield>
  </datafield>
  <datafield tag="536" ind1=" " ind2=" ">
    <subfield code="9">info:eu-repo/grantAgreement/ES/CICYT-FEDER/CIT-020000-2009-40</subfield>
  </datafield>
  <datafield tag="540" ind1=" " ind2=" ">
    <subfield code="9">info:eu-repo/semantics/closedAccess</subfield>
    <subfield code="a">All rights reserved</subfield>
    <subfield code="u">http://www.europeana.eu/rights/rr-f/</subfield>
  </datafield>
  <datafield tag="590" ind1=" " ind2=" ">
    <subfield code="a">3.03</subfield>
    <subfield code="b">2011</subfield>
  </datafield>
  <datafield tag="591" ind1=" " ind2=" ">
    <subfield code="a">FOOD SCIENCE &amp; TECHNOLOGY</subfield>
    <subfield code="b">12 / 127 = 0.094</subfield>
    <subfield code="c">2011</subfield>
    <subfield code="d">Q1</subfield>
    <subfield code="e">T1</subfield>
  </datafield>
  <datafield tag="655" ind1=" " ind2="4">
    <subfield code="a">info:eu-repo/semantics/article</subfield>
    <subfield code="v">info:eu-repo/semantics/publishedVersion</subfield>
  </datafield>
  <datafield tag="700" ind1=" " ind2=" ">
    <subfield code="a">Monfort,S.</subfield>
    <subfield code="u">Universidad de Zaragoza</subfield>
  </datafield>
  <datafield tag="700" ind1=" " ind2=" ">
    <subfield code="a">Álvarez,I.</subfield>
    <subfield code="u">Universidad de Zaragoza</subfield>
    <subfield code="0">(orcid)0000-0003-2430-858X</subfield>
  </datafield>
  <datafield tag="700" ind1=" " ind2=" ">
    <subfield code="a">Condón,S.</subfield>
    <subfield code="u">Universidad de Zaragoza</subfield>
    <subfield code="0">(orcid)0000-0002-1902-0648</subfield>
  </datafield>
  <datafield tag="710" ind1="2" ind2=" ">
    <subfield code="1">2008</subfield>
    <subfield code="2">780</subfield>
    <subfield code="a">Universidad de Zaragoza</subfield>
    <subfield code="b">Dpto. Produc.Animal Cienc.Ali.</subfield>
    <subfield code="c">Área Tecnología de Alimentos</subfield>
  </datafield>
  <datafield tag="773" ind1=" " ind2=" ">
    <subfield code="g">12, 4 (2011), 531-541</subfield>
    <subfield code="p">Innov. food sci. emerg. technol.</subfield>
    <subfield code="t">INNOVATIVE FOOD SCIENCE &amp; EMERGING TECHNOLOGIES</subfield>
    <subfield code="x">1466-8564</subfield>
  </datafield>
  <datafield tag="856" ind1="4" ind2=" ">
    <subfield code="s">838550</subfield>
    <subfield code="u">http://zaguan.unizar.es/record/130908/files/texto_completo.pdf</subfield>
    <subfield code="y">Versión publicada</subfield>
  </datafield>
  <datafield tag="856" ind1="4" ind2=" ">
    <subfield code="s">2901114</subfield>
    <subfield code="u">http://zaguan.unizar.es/record/130908/files/texto_completo.jpg?subformat=icon</subfield>
    <subfield code="x">icon</subfield>
    <subfield code="y">Versión publicada</subfield>
  </datafield>
  <datafield tag="909" ind1="C" ind2="O">
    <subfield code="o">oai:zaguan.unizar.es:130908</subfield>
    <subfield code="p">articulos</subfield>
    <subfield code="p">driver</subfield>
  </datafield>
  <datafield tag="951" ind1=" " ind2=" ">
    <subfield code="a">2024-02-01-14:40:40</subfield>
  </datafield>
  <datafield tag="980" ind1=" " ind2=" ">
    <subfield code="a">ARTICLE</subfield>
  </datafield>
</record>
</collection>